Awaken the giant within : (Record no. 217059)
[ view plain ]
| 000 -LEADER | |
|---|---|
| fixed length control field | 00682 a2200169 4500 |
| 003 - CONTROL NUMBER IDENTIFIER | |
| control field | Nust |
| 005 - DATE AND TIME OF LATEST TRANSACTION | |
| control field | 20221221074133.0 |
| 022 ## - INTERNATIONAL STANDARD SERIAL NUMBER | |
| International Standard Serial Number | 0671791540 |
| 040 ## - CATALOGING SOURCE | |
| Transcribing agency | Nust |
| 082 ## - DEWEY DECIMAL CLASSIFICATION NUMBER | |
| Classification number | 158.1,ROB |
| 100 ## - MAIN ENTRY--PERSONAL NAME | |
| Personal name | Robbins, Anthony. |
| 9 (RLIN) | 7704 |
| 245 ## - TITLE STATEMENT | |
| Title | Awaken the giant within : |
| Remainder of title | how to take immediate control of your mental, emotional, physical & financial destiny / |
| Statement of responsibility, etc. | Anthony Robbins |
| 300 ## - PHYSICAL DESCRIPTION | |
| Extent | 538 p. |
| Other physical details | ill. ; 22 cm. |
| 505 ## - FORMATTED CONTENTS NOTE | |
| Formatted contents note | Part.1 Unleash your power (Page-170, Part.2 Taking control the master system (Page-321), Part.3 The seven days to shape your life (Page-435), Part.4 A lesson in destiny (Page-483). |
| 651 ## - SUBJECT ADDED ENTRY--GEOGRAPHIC NAME | |
| Geographic name | Success --Psychological aspects. |
| 9 (RLIN) | 105425 |
| 942 ## - ADDED ENTRY ELEMENTS (KOHA) | |
| Source of classification or shelving scheme | |
| Koha item type | Book |
| Withdrawn status | Lost status | Source of classification or shelving scheme | Damaged status | Not for loan | Permanent Location | Current Location | Shelving location | Date acquired | Total Checkouts | Full call number | Barcode | Date last seen | Date last checked out | Price effective from | Koha item type | Public note |
|---|---|---|---|---|---|---|---|---|---|---|---|---|---|---|---|---|
| Military College of Signals (MCS) | Military College of Signals (MCS) | General Stacks | 12/12/2016 | 11 | 158.1,ROB | MCS37321 | 05/21/2025 | 05/21/2025 | 12/12/2016 | Book | Almirah No.46, Shelf No.5 | |||||
| Military College of Signals (MCS) | Military College of Signals (MCS) | General Stacks | 12/12/2016 | 158.1,ROB | MCS37364 | 12/08/2016 | 12/12/2016 | Book | Almirah No.73, Shelf No.1 |
